ARRUPE JESUIT UNIVERSITY

CORONAVIRUS -STOP THE SPREAD - CLEAN,DISINFECT,COVER

A practical English Grammar (Record no. 128497)

MARC details
000 -LEADER
fixed length control field 00393nam a22001337a 4500
008 - FIXED-LENGTH DATA ELEMENTS--GENERAL INFORMATION
fixed length control field 181102b xxu||||| |||| 00| 0 eng d
020 ## - INTERNATIONAL STANDARD BOOK NUMBER
International Standard Book Number 9780194313421
050 ## - LIBRARY OF CONGRESS CALL NUMBER
Classification number PE-1-1
100 ## - MAIN ENTRY--PERSONAL NAME
Personal name Thomson, A.J.
9 (RLIN) 43181
245 ## - TITLE STATEMENT
Title A practical English Grammar
Statement of responsibility, etc A.J. Thomson and A.V. Martinet
260 ## - PUBLICATION, DISTRIBUTION, ETC. (IMPRINT)
Place of publication, distribution, etc Oxford
Name of publisher, distributor, etc Oxford University Press
Date of publication, distribution, etc 1989
300 ## - PHYSICAL DESCRIPTION
Extent 383p. ;
Dimensions 22cm.
942 ## - ADDED ENTRY ELEMENTS (KOHA)
Source of classification or shelving scheme Library of Congress Classification
Item type Monograph ( Printed materials)

No items available.

 

Arrupe Library. PO Box MP320 Mt Pleasant, Harare, Zimbabwe
263 242 745411|librarian@aju.ac.zw